000 00438nam a22001697a 4500
005 20250426112223.0
008 250426b |||||||| |||| 00| 0 eng d
041 _amar
082 _a891.46
_bJOG B22595
100 _aJoglekar S
_9181855
245 _aPhalnichi Shokantika
260 _aPune
_bBharatiya Vichar Sadhana Prakashan
_c2022
300 _a335p
500 _aMarathi Literature
500 _aLiterature
942 _cBK
999 _c365978
_d365978